Cities in the UK with the most Universities - Statistics

General Stats
  • This quiz has been taken 174 times
  • The average score is 8 of 10
Answer Stats
Hint Answer % Correct
40 London
99%
5 Manchester
97%
6 Edinburgh
93%
6 Birmingham
92%
4 Liverpool
91%
6 Glasgow
88%
5 Leeds
85%
2 Newcastle
73%
2 Sheffield
69%
3 Belfast
54%
No matching quizzes found
Score Distribution
Percent of People with Each Score
Percentile by Number Answered
Your Score History
You have not taken this quiz